000 00301nam a22001337a 4500
008 171013b xxu||||| |||| 00| 0 eng d
020 _a0195021460
041 _aeng
080 _22ND
_a316
100 _a50
101 _aSOC
245 _aTHE STUDY OF SOCIAL PROBLEMS
_cRUBINGTON.E
942 _2udc
_cBK
999 _c33627
_d33627